MARC

LEADER 00000nam0a2200000 4500
001 269127
005 20231031224349.0
020 |a RU  |b 87-9354 
035 |a (RuTPU)RU\TPU\book\292300 
090 |a 269127 
100 |a 20140915d1987 k y0rusy5003 ca 
101 0 |a rus 
102 |a KZ 
105 |a a z 001zy 
200 1 |a Основы геофильтрации при повышенных градиентах давления  |e на примере нефтяных месторождений Западного Казахстана и Башкирской АССР  |f Г. А. Халиков, Б. С. Толыбеков, О. П. Захаров  |g Академия наук Казахской ССР (АН КазССР), Институт геологических наук им. К. И. Сатпаева (ИГН) 
210 |a Алма-Ата  |c Наука  |d 1987 
215 |a 216 с.  |c ил. 
320 |a Библиогр.: с. 212 (18 назв.) 
606 1 |a Нефтяная гидравлика  |2 stltpush  |3 (RuTPU)RU\TPU\subj\45906 
610 1 |a геофильтрация 
610 1 |a нефтяные скважины 
610 1 |a воды грунтовые 
610 1 |a пластовое давление 
610 1 |a фильтрация 
610 1 |a нефтяные месторождения 
610 1 |a Казахстан 
610 1 |a Башкирия 
675 |a 622.276:532  |z rus  |v 3 
700 1 |a Халиков  |b Г. А.  |g Габдулхак Абзалилович  |4 070 
701 1 |a Толыбеков  |b Б. С.  |g Болат Сергалиевич 
701 1 |a Захаров  |b О. П.  |g Олег Петрович 
712 0 2 |a Академия наук Казахской ССР (АН КазССР)  |b Институт геологических наук им. К. И. Сатпаева (ИГН)  |c (Алма-Ата)  |2 stltpush  |3 (RuTPU)RU\TPU\col\5163 
801 0 |a RU  |b RuMRKP  |c 19950417  |g psbo 
801 1 |a RU  |b 63413507  |c 20140915 
801 2 |a RU  |b 63413507  |c 20170222  |g RCR 
942 |c BK